La fiebre del heno / (Record no. 49815)

MARC details
000 -LEADER
campo de control de longitud fija 00679nam a2200229 i 4500
001 - NÚMERO DE CONTROL
campo de control 49815
003 - IDENTIFICADOR DE NÚMERO DE CONTROL
campo de control ES-MaACL
005 - FECHA Y HORA DE LA ÚLTIMA TRANSACCIÓN
campo de control 20230906162052.0
007 - CAMPO FIJO DE DESCRIPCIÓN FÍSICA--INFORMACIÓN GENERAL
campo de control de longitud fija t|
008 - DATOS DE LONGITUD FIJA--INFORMACIÓN GENERAL
campo de control de longitud fija 030723s1952 sp |||| | spa d
080 ## - NÚMERO DE LA CLASIFICACIÓN DECIMAL UNIVERSAL
Número de la Clasificación Decimal Universal 82-223"19"
100 1# - ENTRADA PRINCIPAL--NOMBRE DE PERSONA
Nombre de persona Coward, Noel.
9 (RLIN) 41368
245 13 - MENCIÓN DEL TÍTULO
Título La fiebre del heno /
Mención de responsabilidad, etc. por Noel Coward ; [traducción del inglés por Nellie Manso de Zúñiga].
250 ## - MENCION DE EDICION
Mención de edición 1ª ed.
260 ## - PUBLICACIÓN, DISTRIBUCIÓN, ETC.
Lugar de publicación, distribución, etc. Barcelona :
Nombre del editor, distribuidor, etc. José Janés,
Fecha de publicación, distribución, etc. 1952 (
Fabricante Miguza)
300 ## - DESCRIPCIÓN FÍSICA
Extensión 180 p. ;
Dimensiones 19 cm.
490 1# - MENCIÓN DE SERIE
Mención de serie Al monigote de papel
700 1# - ENTRADA AGREGADA--NOMBRE PERSONAL
Nombre de persona Manso de Zúñiga, Nellie.
9 (RLIN) 76135
830 0# - PUNTO DE ACCESO ADICIONAL DE SERIE-TÍTULO UNIFORME
Título uniforme Al monigote de papel
9 (RLIN) 181405
852 ## - LOCALIZACIÓN
Ubicación ES-MaACL
Número de control de estantería C-6894
Holdings
Estatus retirado Estado de pérdida Estado de daño No para préstamo Biblioteca de origen Biblioteca actual Ubicación en estantería Fecha de adquisición Fuente de adquisición Total de préstamos Signatura topográfica completa Código de barras Visto por última vez Precio de reemplazo Tipo de ítem Koha
        Biblioteca del Ateneo de Madrid Biblioteca del Ateneo de Madrid Sala Palomar 17/01/2008     C-6894 1052411 23/02/2023 23/02/2023 Libro impreso